Načítá se...
Divya ratnakaram
| Hlavní autor: | |
|---|---|
| Médium: | Printed Book |
| Jazyk: | Malayalam |
| Vydáno: |
St. Joseph's
St. Joseph's
1932
|
| LEADER | 00392nam a2200121Ia 4500 | ||
|---|---|---|---|
| 008 | 111205s9999 xx 000 0 mal d | ||
| 100 | |a Fr. Fredarik | ||
| 245 | |a Divya ratnakaram |c Fr. Fredarik | ||
| 260 | |b St. Joseph's |a St. Joseph's |c 1932 | ||
| 300 | |a 91 | ||
| 942 | |c BK | ||
| 999 | |c 222521 |d 222521 | ||
| 952 | |0 0 |1 0 |2 ddc |4 1 |7 0 |9 245700 |a MAL |b MAL |c ST1 |d 2011-12-05 |g 0.00 |l 0 |p MAL9135 |r 2015-04-13 |v 0.00 |w 2015-04-13 |y BK | ||